Refutación por el teniente general don José de los Reyes y Mesa a las aseveraciones erróneas hechas por el teniente general don Manuel Pavía Rodríguez de Alburquerque en un libro titulado "Ejército del Centro". (Record no. 163417)

MARC details
000 -LEADER
campo de control de longitud fija 00824nam a22001695i 4500
001 - NÚMERO DE CONTROL
campo de control 163417
003 - IDENTIFICADOR DE NÚMERO DE CONTROL
campo de control ES-MaACL
005 - FECHA Y HORA DE LA ÚLTIMA TRANSACCIÓN
campo de control 20230906212733.0
008 - DATOS DE LONGITUD FIJA--INFORMACIÓN GENERAL
campo de control de longitud fija 990323s1878 sp |||| | spa d
100 1# - ENTRADA PRINCIPAL--NOMBRE DE PERSONA
Nombre de persona Reyes y Mesa, José de.
9 (RLIN) 131753
245 10 - MENCIÓN DEL TÍTULO
Título Refutación por el teniente general don José de los Reyes y Mesa a las aseveraciones erróneas hechas por el teniente general don Manuel Pavía Rodríguez de Alburquerque en un libro titulado "Ejército del Centro".
260 ## - PUBLICACIÓN, DISTRIBUCIÓN, ETC.
Lugar de publicación, distribución, etc. Madrid :
Nombre del editor, distribuidor, etc. [s.n.],
Fecha de publicación, distribución, etc. 1878 (
Fabricante Imp. y Fund. de la Viuda e Hijos de J.A. García)
300 ## - DESCRIPCIÓN FÍSICA
Extensión 24 p. ;
Dimensiones 22 cm.
600 14 - PUNTO DE ACCESO ADICIONAL DE MATERIA--NOMBRE DE PERSONA
Nombre de persona Pavía y Rodríguez de Alburquerque, Manuel.
9 (RLIN) 89681
740 02 - ENTRADA AGREGADA--TÍTULO RELACIONADO/ANALÍTICO NO CONTROLADO
Título relacionado o analítico no controlado Ejército del Centro.
852 ## - LOCALIZACIÓN
Ubicación ES-MaACL
Número de control de estantería T-259-F-2
Nota libre - Enc. hol., falto de cub. original
-- - Firma de Antonio Escobar, 10 de octubre de 1878
Holdings
Estatus retirado Estado de pérdida Estado de daño No para préstamo Colección Biblioteca de origen Biblioteca actual Ubicación en estantería Fecha de adquisición Total de préstamos Signatura topográfica completa Código de barras Visto por última vez Precio de reemplazo Tipo de ítem Koha
        Colección de folletos Biblioteca del Ateneo de Madrid Biblioteca del Ateneo de Madrid Depósito folletos 17/01/2008   T-259-F-2 1171246 23/02/2023 23/02/2023 Folleto